Economía internacional

Saved in:
Bibliographic Details
Main Author: Kindleberger, Charles P (Author)
Format: Book
Language:Spanish
Published: Madrid Aguilar 1976
Edition:7a. ed
Series:Biblioteca de Ciencias Sociales. Sección primera: Economía
Subjects:
Tags: Add Tag
No Tags, Be the first to tag this record!

MARC

LEADER 00000nam a2200000 a 4500
001 UCR7981
003 CL-VaPUC
008 980519e19760000SP |||||||||||||||||spa|d
082 0 4 |a 382  |b KIN  |2 21 
100 |a Kindleberger, Charles P  |e author  |9 618222 
245 1 0 |a Economía internacional 
250 |a 7a. ed 
300 |a 608 p 
942 |c BK 
945 |d 19980519 00:00:00  |a crobeson 
260 |a Madrid  |b Aguilar  |c 1976 
650 7 |a SISTEMAS ECONOMICOS INTERNACIONALES  |2 CL-VaPUC  |9 338633 
650 0 |a Balanza de pagos  |9 316476 
650 7 |a COMERCIO INTERNACIONAL  |2 CL-VaPUC  |9 409576 
650 0 |a Oferta y demanda  |9 255571 
650 7 |a POLITICAS DE PRECIOS  |2 CL-VaPUC  |9 388552 
650 7 |a POLITICA COMERCIAL INTERNACIONAL  |2 CL-VaPUC  |9 409577 
650 0 |a Equilibrio económico   |9 322667 
650 7 |a MIGRACION LABORAL  |2 CL-VaPUC  |9 345095 
583 |a last modification  |c 19980519 00:00:00  |k Rodrigo Vera 
490 0 |a Biblioteca de Ciencias Sociales. Sección primera: Economía 
999 |c 269556  |d 269554 
952 |0 0  |1 0  |4 0  |6 382_000000000000000_KIN_1976  |7 0  |8 A  |9 303318  |a BIBENE  |b BIBENE  |d 2019-11-20  |i 140055K  |o 382 KIN 1976  |p 140055K  |r 2025-01-15  |w 2019-11-20  |y BK  |k ICO